| 000 | 00649nam a2200217 4500 | ||
|---|---|---|---|
| 003 | OSt | ||
| 005 | 20240704024415.0 | ||
| 006 | a | ||
| 008 | 240704b |||||||| |||| 00| 0 eng d | ||
| 020 | _a9780495506256 | ||
| 040 |
_aDWCL-Main lib. _cOC |
||
| 082 |
_2Ninth edition _aCirc. 155.2 S387t 2009 |
||
| 100 | _aSchultz, Duane P. | ||
| 245 | _aTheories of personality / | ||
| 250 | _aNinth edition | ||
| 260 |
_aUSA : _bWadsworth/ Cengage Learning, _cc2009. |
||
| 300 |
_axvi, _b542 p. : ill. ; _c24 cm. |
||
| 504 | _aIncludes bibliographical references and index. | ||
| 650 | _a1. Personality. | ||
| 942 |
_2ddc _n0 _cBK-CIRC _eNinth edition _kCirc. |
||
| 999 |
_c1928 _d1928 |
||